000 01111nam a2200277Ia 4500
999 _c5547
_d5547
003 OSt
005 20200626173550.0
008 191128s1954 mx gr 001 0 spa d
040 _aCO-JMCR
_cCO-JMCR
041 1 _aspa
_heng
082 0 4 _a330.157 /
_bH631v
_223
100 1 _aHicks, J.R.,
_eautor
_96273
245 1 0 _aValor y capital :
_binvestigación sobre algunos principios fundamentales de teoría económica /
_cJ.R. Hicks ; versión española de Javier Márquez
250 _aSegunda edición
260 _aMéxico :
_bFondo de Cultura Económica,
_c1954.
300 _a366 páginas ;
_c20 cm.
490 0 _aSección de Economía
500 _aIncluye índice analítico páginas 357-360.
505 0 _aLa teoría del valor subjetivo -- Equilibrio general -- Los fundamentos de la economía dinámica -- El funcionamiento del sistema dinámico -- Apéndice matemático
546 _aTraducido del inglés
650 1 4 _aTeoría económica
_96274
650 2 4 _aValor
_xEconomía
_96275
650 2 4 _aCapital
_xEconomía
_96276
700 1 _aMárquez, Javier,
_etraductor
_94628
942 _2ddc
_cBK